| 000 | 01188cam a22002294a 4500 | ||
|---|---|---|---|
| 005 | 20250605164407.0 | ||
| 008 | 250528s ||||||||||||||||||||||||d | ||
| 035 | _a24878 | ||
| 020 | _a9780133113532 | ||
| 040 |
_aGR-AtMCL _bgre _dGR-AtMCL _eAACR2 |
||
| 245 | 1 | _aTourism / The Business of Hospitality and Travel: Fifth Edition | |
| 250 | _a5th | ||
| 260 | _c2014 | ||
| 300 | _a388 | ||
| 520 | _aPreface, Acknowledgements, The Traveling Public and Tourism Promoters, Introducing the World's Largest Industry and Tourism, Marketing to the Traveling Public, Delivering Quality Tourism Services, Bringing Travelers and Tourism Service Suppliers Together, Capturing Technology's Competitive Advantages, Tourism Service Suppliers, Transportation, Accommodations, Food and Beverage, Attractions and Entertainment, Destinations, The Tourism Environment, Economic and Political Impacts of Tourism, Environmental and Social and Cultural Impacts of Tourism, Sustaining Tourism's Benefits, The Future of Tourism, Glossary, Index. | ||
| 700 | 1 |
_aCook Roy A _99621 |
|
| 700 | 1 |
_aHsu Cathy H. C _99622 |
|
| 700 | 1 |
_aMarqua Joseph J _99623 |
|
| 942 | _cBK | ||
| 999 |
_c9715 _d9715 |
||